<?xml version="1.0" encoding="UTF-8"?><?xml-stylesheet type="text/xsl" href="static/style.xsl"?><OAI-PMH xmlns="http://www.openarchives.org/OAI/2.0/" xmlns:xsi="http://www.w3.org/2001/XMLSchema-instance" xsi:schemaLocation="http://www.openarchives.org/OAI/2.0/ http://www.openarchives.org/OAI/2.0/OAI-PMH.xsd"><responseDate>2026-04-26T21:58:26Z</responseDate><request verb="GetRecord" identifier="oai:uvadoc.uva.es:10324/41676" metadataPrefix="marc">https://uvadoc.uva.es/oai/request</request><GetRecord><record><header><identifier>oai:uvadoc.uva.es:10324/41676</identifier><datestamp>2024-06-05T20:02:00Z</datestamp><setSpec>com_10324_38</setSpec><setSpec>col_10324_787</setSpec></header><metadata><record xmlns="http://www.loc.gov/MARC21/slim" xmlns:doc="http://www.lyncode.com/xoai" xmlns:xsi="http://www.w3.org/2001/XMLSchema-instance" xmlns:dcterms="http://purl.org/dc/terms/" xsi:schemaLocation="http://www.loc.gov/MARC21/slim http://www.loc.gov/standards/marcxml/schema/MARC21slim.xsd">
<leader>00925njm 22002777a 4500</leader>
<datafield tag="042" ind1=" " ind2=" ">
<subfield code="a">dc</subfield>
</datafield>
<datafield tag="720" ind1=" " ind2=" ">
<subfield code="a">Mediavilla Santos, Olaya</subfield>
<subfield code="e">author</subfield>
</datafield>
<datafield tag="260" ind1=" " ind2=" ">
<subfield code="c">2020</subfield>
</datafield>
<datafield tag="520" ind1=" " ind2=" ">
<subfield code="a">En este resumen expongo el Trabajo Fin de Máster del Máster Universitario en Profesor de Educación Secundaria Obligatoria y Bachillerato, Formación Profesional y Enseñanza de Idiomas especialidad en Tecnología Agraria, Alimentaria y Forestal.&#xd;
El trabajo consiste en la programación didáctica de la materia Biología y Geología para primer curso de Educación Secundaria Obligatoria. Se desarrolla la unidad didáctica El Reino de las plantas, perteneciente a dicha materia.&#xd;
A lo largo del trabajo se programará la materia, con el desarrollo de los objetivos, competencias, contenidos, la metodología a desarrollar de trabajo en el aula. Se determinarán los contenidos divididos en diferentes unidades didácticas y se determinarán los instrumentos de evaluación necesarios.&#xd;
Finalmente, se desarrollará la unidad didáctica El Reino de las plantas, con los contenidos, objetivos y competencias correspondientes, junto con el desarrollo de las actividades a realizar. Estas actividades estarán acompañadas de presentaciones power point y todo tipo de anexos necesarios para el&#xd;
desarrollo de dicha unidad didáctica.</subfield>
</datafield>
<datafield tag="024" ind2=" " ind1="8">
<subfield code="a">http://uvadoc.uva.es/handle/10324/41676</subfield>
</datafield>
<datafield tag="245" ind1="0" ind2="0">
<subfield code="a">Programación y unidad didáctica en la materia de Biología y Geología para primer curso de Educación Secundaria Obligatoria. El Reino de las plantas</subfield>
</datafield>
</record></metadata></record></GetRecord></OAI-PMH>